A verdade de cada um / (Registro n. 10055)
[ somente texto ]
| 000 -LÍDER | |
|---|---|
| Campo de controle fixo | 00778nam a2200277 4500 |
| 001 - NÚMERO DE CONTROLE | |
| Número de controle | BS2023000217 |
| 003 - CÓDIGO MARC DA AGÊNCIA CATALOGADORA | |
| Campo de controle | BR-BrBNA |
| 005 - DATA E HORA DA ÚLTIMA ATUALIZAÇÃO | |
| Campo de controle | 20241112144628.0 |
| 008 - CAMPO DE TAMANHO FIXO | |
| Campo fixo de controle | 230926b1999 bl.||||| |||| 00| 0 por d |
| 020 ## - ISBN - INTERNATIONAL STANDARD BOOK NUMBER | |
| ISBN | 85-85872-32-2 |
| 040 ## - FONTE DA CATALOGAÇÃO | |
| Agência catalogadora | BR-BrBNA |
| Idioma da catalogação | por. |
| 041 ## - CÓDIGO DO IDIOMA | |
| Código do Idioma | por. |
| 072 ## - CATEGORIA DE CLASSIFICAÇÃO | |
| Código da categoria de assunto | B59 |
| 100 ## - ENTRADA PRINCIPAL - NOME PESSOAL | |
| Código de relação | Médium |
| Nome pessoal | Gasparetto, Zibia |
| 100 ## - ENTRADA PRINCIPAL - NOME PESSOAL | |
| Nome pessoal | Lúcius (Espírito) |
| 245 ## - TÍTULO PRINCIPAL | |
| Título principal | A verdade de cada um / |
| Indicação de responsabilidade | Zibia Gasparetto; Ditado por: Lucius. |
| 250 ## - EDIÇÃO | |
| Edição | 18. ed. |
| 260 ## - IMPRENTA (PUBLICAÇÃO, DISTRIBUIÇÃO, ETC.) | |
| Lugar de publicação, distribuição, etc. | São Paulo - SP : |
| Nome do editor, distribuidor, etc. | Vida & Consciência, |
| Data de publicação, distribuição, etc | 1999 |
| 300 ## - DESCRIÇÃO FÍSICA | |
| Extensão | 388 p. |
| 500 ## - NOTA GERAL | |
| Notas gerais | Psicografado pela médium: Zibia Gasparetto.<br/>Ditado por: Lucius. |
| 650 ## - ASSUNTO | |
| Cabeçalho tópico ou nome geográfico | ESPÍRITISMO |
| 650 ## - ASSUNTO | |
| Cabeçalho tópico ou nome geográfico | RELIGIÃO |
| 909 ## - IDENTIFICAÇÃO DO CATALOGADOR | |
| Ano e mês da catalogação (aaaamm) | 202308 |
| Identificação do catalogador | Maria Neves |
| 942 ## - TIPO ESPECÍFICO | |
| Tipo de material | Livros |
| Status de empréstimo | Fonte de classificação | Status de danificação | Não pode ser emprestado | Código da coleção | Localização permanente | Localização atual | Localização na estante | Total Checkouts | Número de chamada | Código de barras | Date last seen | Tipo de material | Perdido | Data de aquisição | Fonte de aquisição | Qualificador de localização codificada | Preço | Número de inventário | Preço para reposição | Preço efetivo a partir de |
|---|---|---|---|---|---|---|---|---|---|---|---|---|---|---|---|---|---|---|---|---|
| Classificação AGRIS | Acervo Cultural | Espaço Ceres - QVT/MAPA | Espaço Ceres - QVT/MAPA | Acervo Cultural | B59 BS23000217 | 2023-436417 | 26/09/2023 | Livros |

BINAGRI